Medusa / (Record no. 13895)

000 -LEADER
fixed length control field 00335cam a2200145 a 4500
020 ## - INTERNATIONAL STANDARD BOOK NUMBER
ISBN 0689120184
040 ## - CATALOGING SOURCE
Transcribing agency DLC
082 00 - DEWEY DECIMAL CLASSIFICATION NUMBER
Classification number 823 ATH 1988 A094 Or.
100 1# - MAIN ENTRY--AUTHOR NAME
Personal name Innes, Hammond,
245 10 - TITLE STATEMENT
Title Medusa /
250 ## - EDITION STATEMENT
Edition statement 1st American ed.
260 ## - PUBLICATION, DISTRIBUTION, ETC. (IMPRINT)
Place of publication New York :
Name of publisher Atheneum,
Year of publication 1988.
300 ## - PHYSICAL DESCRIPTION
Number of Pages 350 p. :
Other physical details maps ;
Dimensions 25 cm.
942 ## - ADDED ENTRY ELEMENTS (KOHA)
Koha item type សៀវភៅភាសាអង់គ្លេស
952 ## - LOCATION AND ITEM INFORMATION (KOHA)
Withdrawn status [LOCAL, KOHA] 0
Holdings
Permanent Location Date acquired Koha item type Lost status Shelving location Barcode Current Location Full call number
Library Block A2017-10-02សៀវភៅភាសាអង់គ្លេស A094A15742Library Block A823 ATH 1988 A094 Or.
មជ្ឈមណ្ឌលឯការនៃសាកលវិទ្យាល័យភូមិន្ទកសិកម្មចំការដូង

Powered by Koha